Report of the Commission of Inquiry into Termination of Pregnancy : (Record no. 196014)
[ view plain ]
| 000 -LEADER | |
|---|---|
| fixed length control field | 01045cam0a220026500 4500 |
| 001 - CONTROL NUMBER | |
| control field | lce00326072 |
| 005 - DATE AND TIME OF LATEST TRANSACTION | |
| control field | 20190830120609.0 |
| 008 - FIXED-LENGTH DATA ELEMENTS--GENERAL INFORMATION | |
| fixed length control field | 771207s1976 rh f000 0 eng |
| 010 ## - LIBRARY OF CONGRESS CONTROL NUMBER | |
| LC control number | 77372677 //r912 |
| 035 ## - SYSTEM CONTROL NUMBER | |
| System control number | (Sirsi) r72556 |
| 035 ## - SYSTEM CONTROL NUMBER | |
| System control number | (DLC) 77372677 //r912 |
| 035 ## - SYSTEM CONTROL NUMBER | |
| System control number | (UPRA)lce00326072 |
| 040 ## - CATALOGING SOURCE | |
| Original cataloging agency | DLC |
| Transcribing agency | DLC |
| Modifying agency | DLC |
| -- | UPRA |
| 043 ## - GEOGRAPHIC AREA CODE | |
| Geographic area code | f-rh--- |
| 050 00 - LIBRARY OF CONGRESS CALL NUMBER | |
| Classification number | JQ2921.A2 |
| Item number | A3 no. 2, 1976 |
| 082 00 - DEWEY DECIMAL CLASSIFICATION NUMBER | |
| Classification number | 328.689/1/008 s |
| -- | 344/.6891/041 |
| 110 1# - MAIN ENTRY--CORPORATE NAME | |
| Subordinate unit | Commission of Inquiry into Termination of Pregnancy. |
| Linkage | A33608.1 |
| 245 10 - TITLE STATEMENT | |
| Title | Report of the Commission of Inquiry into Termination of Pregnancy : |
| Remainder of title | presented to the President on the 19th February, 1976. |
| 260 ## - PUBLICATION, DISTRIBUTION, ETC. | |
| Place of publication, distribution, etc. | [Salisbury] : |
| Name of publisher, distributor, etc. | The Commission, |
| Date of publication, distribution, etc. | 1976. |
| 440 #0 - SERIES STATEMENT/ADDED ENTRY--TITLE | |
| Title | Cmd. R.R. ; |
| Volume/sequential designation | 1976, 2 |
| Linkage | S2660.1 |
| 500 ## - GENERAL NOTE | |
| General note | W.A. Pittman, Chairman. |
| 650 #0 - SUBJECT ADDED ENTRY--TOPICAL TERM | |
| Topical term or geographic name entry element | Abortion -- Law and legislation -- Zimbabwe. |
| General subdivision | Abortion -- Law and legislation -- Zimbabwe. |
| Geographic subdivision | Abortion -- Law and legislation -- Zimbabwe. |
| Linkage | S25439.1 |
| 949 ## - LOCAL PROCESSING INFORMATION (OCLC) | |
| a | JQ2921.A2 |
| w | lcc |
| m | MAIN |
| t | BOOK |
| l | ON-SHELF |
No items available.